000 00948nam a2200289 i 4500
001 bg
003 BPK
005 20220715100533.0
008 990309s1999 pl |000 0 pol
015 _aPB 1999/3391
020 _a8371108877
040 _aWA N
_cBPK
041 0 _apol
080 _a34
080 _a(03)
245 0 0 _aEncyklopedia prawa /
_cred. Urszula Kalina-Prasznic ; aut. Bogusław Banaszak [et al.].
260 _aWarszawa :
_bC. H. Beck,
_c1999.
300 _aXXVI, 982 s. ;
_c21 cm.
504 _aBibliogr. s. XXI-XXVI, wykaz aktów prawnych s. VII-XVI.
655 4 _aEncyklopedia
650 4 _aPrawo
700 1 _aKalina-Prasznic, Urszula
_d(1947- ).
_eRed.
710 2 _aWydawnictwo C.H. Beck.
_4pbl.
700 1 _aBanaszak, Bogusław
_d(1955-2018)
_eAutor
856 _uhttp://koha.tu.koszalin.pl/cgi-bin/koha/opac-detail.pl?biblionumber=36142
_yKatalog online BPK
942 _2UKD
_cKS
999 _c36142
_d36142